000 00327nam a22001337a 4500
003 OSt
005 20241128143535.0
008 241128b |||||||| |||| 00| 0 eng d
040 _c
082 _a540/PAR
_bPAR
245 _aApplied Chemistry
_cParadkar,Trupti
260 _bNirali Prakashan
_c2024
942 _2ddc
_cBK
_k540
_mPAR
_n0
999 _c36113
_d36113